000 00654nam a2200205 a 4500
001 21598
003 CO-ViMGA
008 141112s2004 ck r 000 u spa d
020 _a8488342802
040 _aCO-ViMGA
_bspa
_cCO-ViMGA
082 0 4 _aCARd
100 1 _aCarle, Eric
_924882
245 1 0 _aDiez patitos de goma
260 _aMadrid :
_bKókinos,
_c2006
300 _a29
590 _aForma de adquisición : Donación fact. 8852 - - Precio : 79000 - - Proveedor : Fundación exito - - Fecha de adquisición : Junio 2007
650 1 4 _aCUENTOS INFANTILES
_92743
650 1 4 _aCUENTOS INFANTILES ESTADOUNIDENSES - SIGLO XX
_930854
942 _2ddc
_cBK
999 _c6835
_d6835